000 00556nam a22001817a 4500
999 _c20187
_d20187
003 BDDh-ASL
005 20231015025845.0
008 201227s1978 e ||||| |||| 00| 0 eng d
040 _cBDDh-ASL
082 _a297
_bRAT
100 1 _92605
_aRafiq, Imam B. A.
245 1 0 _aTruth About Ahmadiyyat /
260 _aLondon:
_bThe London Mosque,
_c1978.
300 _a98 p.:
_c19 cm.
650 0 _aReligion, ধর্ম, Dharma, faith, creed, law, worship, property, আস্তিকতা, দীন
_92606
650 0 _91652
_aIslam
942 _2ddc
_cBK